| 000 -LEADER |
| fixed length control field |
01370aam a22004091i 4500 |
| 001 - CONTROL NUMBER |
| control field |
020261786 |
| 003 - CONTROL NUMBER IDENTIFIER |
| control field |
Uk |
| 005 - DATE AND TIME OF LATEST TRANSACTION |
| control field |
20231018144716.0 |
| 006 - FIXED-LENGTH DATA ELEMENTS--ADDITIONAL MATERIAL CHARACTERISTICS |
| fixed length control field |
m || d | |
| 007 - PHYSICAL DESCRIPTION FIXED FIELD--GENERAL INFORMATION |
| fixed length control field |
cr ||||||||||| |
| 008 - FIXED-LENGTH DATA ELEMENTS--GENERAL INFORMATION |
| fixed length control field |
210713s2019 xxk||||jo |||| ||eng |
| 015 ## - NATIONAL BIBLIOGRAPHY NUMBER |
| National bibliography number |
GBC1F6461 |
| Source |
bnb |
| 020 ## - INTERNATIONAL STANDARD BOOK NUMBER |
| International Standard Book Number |
9781510447578 |
| 037 ## - SOURCE OF ACQUISITION |
| Stock number |
9781510448490 |
| Source of stock number/acquisition |
Hachette UK |
| 040 ## - CATALOGING SOURCE |
| Original cataloging agency |
Uk |
| Language of cataloging |
eng |
| Transcribing agency |
Uk |
| Modifying agency |
KH8 |
| 041 0# - LANGUAGE CODE |
| Language code of text/sound track or separate title |
eng |
| -- |
spa |
| 042 ## - AUTHENTICATION CODE |
| Authentication code |
ukblsr |
| 082 04 - DEWEY DECIMAL CLASSIFICATION NUMBER |
| Classification number |
468.242 BAR |
| Edition number |
23 |
| 100 10 - MAIN ENTRY--PERSONAL NAME |
| Personal name |
Barefoot, Simon, |
| Relator term |
author. |
| 245 10 - TITLE STATEMENT |
| Title |
Cambridge IGCSE Spanish: |
| Name of part/section of a work |
Student book / |
| Remainder of title |
Simon Barefoot. |
| 250 ## - EDITION STATEMENT |
| Edition statement |
Third edition / |
| Remainder of edition statement |
Simon Barefoot [and five others]. |
| 264 #1 - PRODUCTION, PUBLICATION, DISTRIBUTION, MANUFACTURE, AND COPYRIGHT NOTICE |
| Place of production, publication, distribution, manufacture |
London : |
| Name of producer, publisher, distributor, manufacturer |
Hodder Education, |
| Date of production, publication, distribution, manufacture, or copyright notice |
2019. |
| 300 ## - PHYSICAL DESCRIPTION |
| Extent |
256 pages |
| 336 ## - CONTENT TYPE |
| Content type term |
text |
| Source |
rdacontent |
| 337 ## - MEDIA TYPE |
| Media type term |
computer |
| Source |
rdamedia |
| 338 ## - CARRIER TYPE |
| Carrier type term |
online resource |
| Source |
rdacarrier |
| 546 ## - LANGUAGE NOTE |
| Language note |
Text in English and Spanish. |
| 650 #0 - SUBJECT ADDED ENTRY--TOPICAL TERM |
| Topical term or geographic name entry element |
Spanish language |
| Form subdivision |
Textbooks for foreign speakers |
| General subdivision |
English. |
| 700 1# - ADDED ENTRY--PERSONAL NAME |
| Personal name |
García Sánchez, José Antonio, |
| Relator term |
author. |
| 700 1# - ADDED ENTRY--PERSONAL NAME |
| Personal name |
Guilford, Timothy, |
| Relator term |
author. |
| 700 1# - ADDED ENTRY--PERSONAL NAME |
| Personal name |
Morcillo Laiz, Mónica, |
| Relator term |
author. |
| 700 1# - ADDED ENTRY--PERSONAL NAME |
| Personal name |
Thacker, Mike, |
| Relator term |
author. |
| 700 1# - ADDED ENTRY--PERSONAL NAME |
| Personal name |
Weston, Tony, |
| Dates associated with a name |
1941- |
| Relator term |
author. |
| 884 ## - DESCRIPTION CONVERSION INFORMATION |
| Conversion process |
LDL ebooks ONIX to marcxml transformation using Record_Load-eBooks_Legal_Deposit_onix2marc_v2-1.xsl |
| Conversion date |
20210713 |
| Identifier of source metadata |
HachetteUK669889 |
| Conversion agency |
Uk |
| 942 ## - ADDED ENTRY ELEMENTS (KOHA) |
| Source of classification or shelving scheme |
|
| Koha item type |
Teaching Resources |